Germany - Parts of City Names by Word Clue - Statistics

General Stats
  • This quiz has been taken 38 times
  • The average score is 10 of 15
Answer Stats
Name Clue Germany City % Correct
To order F{rank}furt am Main
100%
Home of animals Dres{den}
91%
Pig meat {Ham}burg
91%
Above Han(n){over}
91%
Change of direction Leip{zig}
91%
Island between the UK and Ireland / person {Man}nheim
85%
Used for cooking {Pot}sdam
82%
Happy Mönchen{glad}bach
73%
Clear liquid {Gel}senkirchen
64%
Friend Bo{chum}
61%
Conceals boldness Lud{wig}shafen am Rhein
61%
Big room {Hall}e
33%
Important {Main}z
30%
📈 Stonks 📈 Ro{stock}
27%
Witch {Hag}en
18%
No matching quizzes found
Score Distribution
Percent of People with Each Score
Percentile by Number Answered
Your Score History
You have not taken this quiz